000 00654nam a2200241Ia 4500
008 191119s9999 xx 000 0 und d
020 _a978-1-292-19163-8
050 _aMAIN HD 57.7
050 _b.T46 2018
100 _aTemplar, Richard.
245 4 _aThe Rules of people :
245 2 _ba personal code for getting the best from everyone /
245 0 _cRichard Templar.
260 _aHarlow, England :
260 _bPearson Education Limited,
260 _c2018
300 _a223 pages :
300 _c22 cm.
650 _aLeadership.
650 _aManagement.
650 _xExecutive ability.
650 _xInterpersonal relations.
999 _c363138
_d363138